000 nam a22 7a 4500
999 _c10530
_d10530
008 180219b ||||| |||| 00| 0 eng d
100 _aSneha
_96440
245 _aHarmony-5
260 _aNew Delhi
_bHolyFaith
_c2013